Microeconomics / (Record no. 2589)

000 -LEADER
fixed length control field 00901cam a22003014a 4500
001 - CONTROL NUMBER
control field 142743
003 - CONTROL NUMBER IDENTIFIER
control field OSt
005 - DATE AND TIME OF LATEST TRANSACTION
control field 20160808130515.0
008 - FIXED-LENGTH DATA ELEMENTS--GENERAL INFORMATION
fixed length control field 980629s2000 nju 000 0 eng
010 ## - LIBRARY OF CONGRESS CONTROL NUMBER
LC control number 00132719
020 ## - INTERNATIONAL STANDARD BOOK NUMBER
International Standard Book Number 087891191X (pbk.)
040 ## - CATALOGING SOURCE
Original cataloging agency DLC
Transcribing agency DLC
Modifying agency DLC
042 ## - AUTHENTICATION CODE
Authentication code pcc
050 00 - LIBRARY OF CONGRESS CALL NUMBER
Classification number HB172.C85 2009
082 00 - DEWEY DECIMAL CLASSIFICATION NUMBER
Classification number 338.5
Edition number 21
100 ## - MAIN ENTRY--PERSONAL NAME
Personal name Cullis John
245 00 - TITLE STATEMENT
Title Microeconomics /
Statement of responsibility, etc Cullis John & Jones Philip
260 ## - PUBLICATION, DISTRIBUTION, ETC. (IMPRINT)
Place of publication, distribution, etc Harlow
Name of publisher, distributor, etc Pearson Education Limited
Date of publication, distribution, etc 2009
300 ## - PHYSICAL DESCRIPTION
Extent xix, 713 p. :
Other physical details ill. ;
Dimensions 22 cm.
504 ## - BIBLIOGRAPHY, ETC. NOTE
Bibliography, etc Include index
650 #0 - SUBJECT ADDED ENTRY--TOPICAL TERM
Topical term or geographic name as entry element Microeconomics.
654 ## - SUBJECT ADDED ENTRY--FACETED TOPICAL TERM
Source of term Microeconomics
700 ## - ADDED ENTRY--PERSONAL NAME
Personal name Cullis John
700 ## - ADDED ENTRY--PERSONAL NAME
Personal name Jones Philip
906 ## - LOCAL DATA ELEMENT F, LDF (RLIN)
a 7
b cbc
c orignew
d 3
e opcn
f 19
g y-gencatlg
942 ## - ADDED ENTRY ELEMENTS (KOHA)
Source of classification or shelving scheme
Koha item type Book
Holdings
Withdrawn status Lost status Source of classification or shelving scheme Damaged status Not for loan Home library Current library Shelving location Date acquired Total Checkouts Full call number Barcode Date last seen Copy number Price effective from Koha item type
          Riara University Library Riara University Library General stack 08/08/2016   HB172.C85 2009 7980/16 08/08/2016 C.1 08/08/2016 Book

Riara University Library,
P.O. Box 49940-00100,
Nairobi, Kenya.